Zákon o dani z príjmov s komentárom

Zákon č. 595/2003 Z.z. v znení ďalších zákonov ... a zákona č. 653/2007 Z.z. Komentár k novelizovanému zákonu.

Gespeichert in:
Bibliographische Detailangaben
1. Verfasser: Zubaľová, Alena, 1959-
Weitere Verfasser: Mezeiová, Viera, Kováčová, Zdenka, Kurka, Radoslav
Format: Buchkapitel
Sprache:Slowakisch
Schlagworte:
Tags: Tag hinzufügen
Keine Tags, Fügen Sie das erste Tag hinzu!

MARC

LEADER 00000naa$a2200000$$$4500
001 0071110
005 20240502071842.6
041 0 |a slo 
044 |a SK 
245 1 0 |a Zákon o dani z príjmov s komentárom  |c Alena Zubaľová ... [ et al. ] 
520 |a Zákon č. 595/2003 Z.z. v znení ďalších zákonov ... a zákona č. 653/2007 Z.z. Komentár k novelizovanému zákonu. 
610 2 0 |a dane z príjmov 
610 2 0 |a zákony 
610 2 0 |a Slovensko 
610 2 0 |a komentáre 
100 1 |a Zubaľová, Alena, 1959- 
700 1 |a Mezeiová, Viera 
700 1 |a Kováčová, Zdenka 
700 1 |a Kurka, Radoslav